00141nam a22000617a 4500082001700000245005400017250000800071 a624.1821 GAY aDesign of Steel Structures - 3rd edicE.G.Gaylord 63rd